[Event "BAN-chB 43rd"]
[Site "Dhaka"]
[Date "2017.11.07"]
[Round "1"]
[White "Haque, Shamsul"]
[Black "Ghosh, Chanchal Kumer"]
[Result "0-1"]
[WhiteElo "1848"]
[BlackElo "2140"]
[PlyCount "38"]
[EventDate "2017.11.07"]
[EventType "swiss"]
[EventRounds "11"]
[EventCountry "BAN"]
[SourceTitle "CBM 181 Extra"]
[Source "ChessBase"]
[SourceDate "2017.12.12"]
[SourceVersion "1"]
[SourceVersionDate "2017.12.12"]
[SourceQuality "1"]

1. e4 d5 2. e5 c5 3. c3 d4 4. Bb5+ Nc6 5. Qf3 Bd7 6. e6 fxe6 7. Qh5+ g6 8. Qxc5 Bg7 9. Nf3 Nf6 10. d3 0-0 11. cxd4 Nxd4 12. Qxd4 Bxb5 13. Qe3 Qxd3 14. Qxe6+ Kh8 15. Nc3 Bc4 16. Qe3 Qd6 17. Qd4 Qe6+ 18. Qe5 Qa6 19. Be3 Nd5 0-1

[Event "BAN-chB 41st"]
[Site "Dhaka"]
[Date "2015.10.18"]
[Round "4"]
[White "Subrota, Biswas"]
[Black "Haque, Shamsul"]
[Result "0-1"]
[WhiteElo "2038"]
[BlackElo "1883"]
[PlyCount "92"]
[EventDate "2015.10.15"]
[EventType "swiss"]
[EventRounds "11"]
[EventCountry "BAN"]
[SourceTitle "CBM 169 Extra"]
[Source "ChessBase"]
[SourceDate "2015.12.18"]
[SourceVersion "1"]
[SourceVersionDate "2015.12.18"]
[SourceQuality "1"]

1. e4 e5 2. Nf3 Nc6 3. Bc4 Bc5 4. c3 d6 5. d4 exd4 6. cxd4 Bb4+ 7. Bd2 Bxd2+ 8. Nbxd2 Bg4 9. Qb3 Na5 10. Bxf7+ Kf8 11. Qa4 Kxf7 12. Qxa5 Nf6 13. 0-0 b6 14. Qc3 Re8 15. h3 Bxf3 16. Qxf3 Kg8 17. Rfe1 Rf8 18. Qb3+ Kh8 19. Rad1 Nh5 20. g3 Qf6 21. Qe3 Qe6 22. Kh2 Qxa2 23. f4 Qxb2 24. e5 Qa2 25. f5 Rae8 26. Qg5 g6 27. f6 dxe5 28. dxe5 Qa3 29. Re3 Qc5 30. Nb3 Qc2+ 31. Rd2 Qf5 32. Qh6 c5 33. Kg2 Qe6 34. g4 Nxf6 35. exf6 Qxf6 36. Rde2 Rxe3 37. Qxe3 Qc6+ 38. Kg1 a5 39. Nd2 Qf6 40. Ne4 Qf1+ 41. Kh2 Rf3 42. Qxf3 Qxf3 43. Ng3 b5 44. g5 c4 45. h4 c3 46. Kh3 b4 0-1

[Event "BAN-chB 41st"]
[Site "Dhaka"]
[Date "2015.10.15"]
[Round "1"]
[White "Haque, Shamsul"]
[Black "Islam, Khandaker Aminul"]
[Result "0-1"]
[WhiteElo "1883"]
[BlackElo "2252"]
[PlyCount "96"]
[EventDate "2015.10.15"]
[EventType "swiss"]
[EventRounds "11"]
[EventCountry "BAN"]
[SourceTitle "CBM 169 Extra"]
[Source "ChessBase"]
[SourceDate "2015.12.18"]
[SourceVersion "1"]
[SourceVersionDate "2015.12.18"]
[SourceQuality "1"]

1. e4 Nc6 2. d4 e5 3. Nf3 exd4 4. Nxd4 Bc5 5. Nf3 Nf6 6. Bd3 d6 7. h3 h6 8. a3 a6 9. Nc3 0-0 10. 0-0 Re8 11. Re1 Bd7 12. Bf4 Ne5 13. Nxe5 dxe5 14. Be3 Bxe3 15. Rxe3 Be6 16. Qe2 Qe7 17. Rf1 Rad8 18. f4 exf4 19. Rxf4 Nd7 20. Qh5 Qg5 21. Qxg5 hxg5 22. Rf2 Ne5 23. Rg3 f6 24. Na4 a5 25. Nc5 b6 26. Na4 Rd4 27. Nc3 Red8 28. Ne2 R4d6 29. Nc1 c5 30. b3 a4 31. bxa4 c4 32. Bf1 Ra8 33. Na2 Rxa4 34. Nb4 b5 35. Be2 Rd8 36. Rf1 Rda8 37. Rd1 Rxa3 38. Rxa3 Rxa3 39. Rd8+ Kh7 40. Rd6 Bd7 41. Nd5 Ra2 42. Bd1 Ra1 43. Nb6 Bc6 44. Kh2 Bxe4 45. Nc8 Ra2 46. Rb6 Bxc2 47. Bxc2+ Rxc2 48. Rxb5 Nf3+ 0-1